| Tag |
First Indicator |
Second Indicator |
Subfields |
| LEADER |
00000cam a22000001a 4500 |
| 001 |
in00003249813 |
| 006 |
m d f |
| 007 |
cr bn mmmapmmp |
| 008 |
091027s1998 dcua ob f000 0 eng d |
| 005 |
20260511195744.0 |
| 035 |
|
|
|a cis2007468978
|
| 040 |
|
|
|a UMI
|c UMI
|d UtOrBLW
|
| 043 |
|
|
|a n-us---
|
| 074 |
|
|
|a 1040-A
|
| 074 |
|
|
|a 1040-B (MF)
|
| 086 |
0 |
|
|a Y 4.EN 2:S.HRG.105-390/PT.1-2
|
| 099 |
|
|
|a HRG-1998-NAR-0050
|
| 099 |
|
|
|a HRG-1997-NAR-0043
|
| 110 |
1 |
|
|a United States.
|b Congress.
|b Senate.
|b Committee on Energy and Natural Resources.
|b Subcommittee on Forests and Public Land Management.
|
| 245 |
1 |
0 |
|a Public Lands Management Improvement Act of 1997 :
|b hearings before the Subcommittee on Forests and Public Land Management of the Committee on Energy and Natural Resources, United States Senate, One Hundred Fifth Congress, first session, on S. 1253, to provide to the federal land management agencies the authority and capability to manage effectively the federal lands in accordance with the principles of multiple use and sustained yield, and for other purposes, October 30, 1997, December 15, 1997, February 3, 1998.
|
| 264 |
|
1 |
|a Washington :
|b U.S. G.P.O. :
|c 1998.
|
| 264 |
|
2 |
|a Washington :
|b For sale by the U.S. G.P.O., Supt. of Docs., Congressional Sales Office,
|
| 300 |
|
|
|a 1 online resource.
|
| 336 |
|
|
|a text
|b txt
|2 rdacontent
|
| 337 |
|
|
|a computer
|b c
|2 rdamedia
|
| 338 |
|
|
|a online resource
|b cr
|2 rdacarrier
|
| 490 |
1 |
|
|a S. hrg. ;
|v 105-390
|
| 500 |
|
|
|a Record is based on bibliographic data in ProQuest Congressional Hearings Digital Collection. Reuse except for individual research requires license from ProQuest, LLC.
|
| 504 |
|
|
|a Includes bibliographical references.
|
| 538 |
|
|
|a System requirements: PDF reader software.
|
| 500 |
|
|
|a Electronic resource.
|
| 610 |
1 |
0 |
|a United States.
|b Forest Service
|x Management.
|
| 610 |
1 |
0 |
|a United States.
|b Bureau of Land Management
|x Management.
|
| 650 |
|
0 |
|a Public lands
|z United States
|x Management.
|
| 650 |
|
0 |
|a Forest reserves
|x Law and legislation
|z United States.
|
| 650 |
|
0 |
|a Forest management
|z United States.
|
| 655 |
|
7 |
|a Electronic books.
|2 local
|
| 710 |
2 |
|
|a ProQuest (Firm)
|
| 776 |
0 |
8 |
|i Print version:
|a United States. Congress. Senate. Committee on Energy and Natural Resources. Subcommittee on Forests and Public Land Management.
|t Public Lands Management Improvement Act of 1997
|w (DLC)98155975
|w (DGPO)97111055
|w (OCoLC)39068366
|
| 776 |
0 |
8 |
|i Microfiche version:
|a United States. Congress. Senate. Committee on Energy and Natural Resources. Subcommittee on Forests and Public Land Management.
|t Public Lands Management Improvement Act of 1997.
|d [Bethesda, Md.] : ProQuest,[2004]
|o CIS 99 S311-6 (pt.2)
|o CIS 98 S311-31 (pt.1)
|w (ProQuest)cis09801635
|
| 810 |
1 |
|
|a United States.
|b Congress.
|b Senate.
|t S. hrg. ;
|v 105-390.
|
| 830 |
|
0 |
|a U.S. Congressional Hearings.
|
| 856 |
4 |
0 |
|u http://proxy.library.tamu.edu/login?url=https://congressional.proquest.com/congcomp/getdoc?HEARING-ID=HRG-1998-NAR-0050
|z Connect to the full text of this electronic book
|t 0
|
| 856 |
4 |
0 |
|u http://proxy.library.tamu.edu/login?url=https://congressional.proquest.com/congcomp/getdoc?HEARING-ID=HRG-1997-NAR-0043
|z Connect to the full text of this electronic book
|t 0
|
| 998 |
|
|
|a cis09801635
|
| 999 |
|
|
|a MARS
|
| 999 |
f |
f |
|s bd5d5fa1-9684-3d7c-82a3-3a635c069fd9
|i 864421c7-d1ff-3974-a1a3-3b037d8b036b
|t 0
|
| 952 |
f |
f |
|a Texas A&M University
|b College Station
|c Electronic Resources
|s www_evans
|d Available Online
|t 0
|e HRG-1997-NAR-0043
|h Other scheme
|
| 998 |
f |
f |
|a HRG-1997-NAR-0043
|t 0
|l Available Online
|